01168 2200409 4500001002100000005001500021035002500036090001800061090002200079090001600101090001700117245008100134260005100215300007200266020002200338040001700360082001200377084001400389100002500403650002400428700001200452850001200464041000800476504003000484008004100514250002000555490003200575007000300607990002200610990001800632990001800650990001800668990001800686990001800704990001800722990001800740YOGYA00000000004143220181203103115 a0010-081400000041150 aDEP 745 MEI b aCB-D.11 2008-1724 aK 745 MEI b aPK 745 MEI b1 aBerkreasi dengan dunia binatang /cMeichati Candra Dewi; ilustrator, Suhardi aYogyakarta :bEmpat Pilar Pendidikan,c[2008?] a35 halaman, 1 halaman tidak bernomor :bilustrasi berwarna ;c21 cm a978-979-396-096-8 aYOPDYOGbind04223a745 a745 MEI b0 aMeichati Candra Dewi 4aDekorasi dan hiasan0 aSuhardi aYOPDYOG0 aind aBibliografi: halaman [36]130828s2008 yoia b | ind d aCetakan pertama aSeri life skill berkarakterta aCB-D.11/2008-1724 a35034-PD/B.18 a35035-PD/B.18 a35036-PD/B.18 a35037-PD/B.18 a35038-PD/B.18 a35039-PD/B.18 a35040-PD/B.18